Вып. 1: [сборник]; Проектирование, строительство и эксплуатация магистральных газонефтепроводов и нефтебаз

التفاصيل البيبلوغرافية
Parent link:Проектирование, строительство и эксплуатация магистральных газонефтепроводов и нефтебаз: межвузовский научно-тематический сборник/ Уфимский нефтяной институт (УНИ). Вып. 1.— , 1966-
مؤلف مشترك: Башкирский государственный университет
مؤلفون آخرون: Новоселов В. Ф. (редактор)
اللغة:الروسية
منشور في: 1977
الموضوعات:
التنسيق: MixedMaterials كتاب
KOHA link:https://koha.lib.tpu.ru/cgi-bin/koha/opac-detail.pl?biblionumber=328767

MARC

LEADER 00000nam2a2200000 4500
001 328767
005 20241011105735.0
035 |a (RuTPU)RU\TPU\book\354467 
035 |a RU\TPU\book\312877 
090 |a 328767 
100 |a 20170222d1977 k y0rusy5003 ca 
101 0 |a rus 
102 |a RU 
105 |a a z 001zy 
200 0 |a Вып. 1  |e [сборник]  |f Башкирский государственный университет ; отв. ред. В. Ф. Новоселов 
210 |d 1977 
215 |a 183 с.  |c ил. 
320 |a Библиография в конце статей 
461 1 |0 (RuTPU)RU\TPU\book\353418  |t Проектирование, строительство и эксплуатация магистральных газонефтепроводов и нефтебаз  |o межвузовский научно-тематический сборник  |f Уфимский нефтяной институт (УНИ)  |v Вып. 1  |d 1966-  
606 1 |a Нефтепроводы магистральные  |x Эксплуатация  |2 stltpush  |3 (RuTPU)RU\TPU\subj\45773  |9 64964 
610 1 |a газонефтепроводы 
610 1 |a проектирование 
610 1 |a строительство 
610 1 |a нефтебазы 
610 1 |a надежность 
610 1 |a напряженно-деформированное состояние 
610 1 |a резервуары 
675 |a 622.692.4  |z rus  |v 3 
702 1 |a Новоселов  |b В. Ф.  |4 340 
712 0 2 |a Башкирский государственный университет  |7 ca  |8 rus  |c (Уфа)  |c (1957-2022)  |2 stltpush  |3 (RuTPU)RU\TPU\col\5909  |9 24171 
801 0 |a RU  |b 63413507  |c 19950704  |g psbo 
801 1 |a RU  |b 63413507  |c 20150324 
801 2 |a RU  |b 63413507  |c 20170316  |g RCR 
942 |c BK